| 000 | 00635nam a22002057a 4500 | ||
|---|---|---|---|
| 003 | OSt | ||
| 005 | 20140310182911.0 | ||
| 008 | 130128t xxu||||| |||| 00| 0 eng d | ||
| 020 | _a9789712721250 | ||
| 050 |
_aGE105 _b.G146 2009 |
||
| 082 | _aGE105 .G131 2009 | ||
| 245 |
_aThe Philippine environment in the ecozoic age _cGalang, Angelina P. _b: principles of environmental science in the Philippine setting / |
||
| 260 |
_aPasig City, Philippines : _b Anvil Pub., _c2009 |
||
| 300 |
_axi, 227 p. _c26 cm |
||
| 521 | _acollege students | ||
| 526 | _c1210L-1700L | ||
| 541 | _j1 | ||
| 562 | _e1 | ||
| 942 |
_2lcc _cBK _kFIL |
||
| 999 |
_c17217 _d17217 |
||